00654nam a2200241 a 4500001001300000003000900013005001700022008004100039020001000080082001600090100001600106245002800122260004300150300000900193500003500202505001000237650002400247700001600271902000800287942000700295952009500302999001500397nice12345678IN_TiNIC20260116011601.0050524s1920 lona grp 000 0 eng  ac10000a297.4bZWE1 aZwemer, S M aMoslem Seeker After God aLondonbFleming H Revell Compantc1920 a302p aincludes index and biblioraphy2 aIndex aAlghazali-Biography1 aZwemer, S M bSRS cBK 00104070aHMIbHMId2007-07-03g100.00l0o297.4 ZWE1p1582r2007-07-03w2026-01-16yEB c2743d2743